<?xml version="1.0" encoding="UTF-8"?>
<record
    xmlns:xsi="http://www.w3.org/2001/XMLSchema-instance"
    xsi:schemaLocation="http://www.loc.gov/MARC21/slim http://www.loc.gov/standards/marcxml/schema/MARC21slim.xsd"
    xmlns="http://www.loc.gov/MARC21/slim">

  <leader>00412nam a22001337a 4500</leader>
  <controlfield tag="008">150320b        xxu||||| |||| 00| 0 eng d</controlfield>
  <datafield tag="082" ind1=" " ind2=" ">
    <subfield code="a">821.927.282</subfield>
    <subfield code="b">W 676s</subfield>
  </datafield>
  <datafield tag="100" ind1=" " ind2=" ">
    <subfield code="a">Wilentz, Gay (editor)</subfield>
    <subfield code="9">2237</subfield>
  </datafield>
  <datafield tag="245" ind1=" " ind2=" ">
    <subfield code="a">She Belizean Women Poets</subfield>
  </datafield>
  <datafield tag="260" ind1=" " ind2=" ">
    <subfield code="a">Belice</subfield>
    <subfield code="b">FactoryBooks</subfield>
    <subfield code="c">2001</subfield>
  </datafield>
  <datafield tag="300" ind1=" " ind2=" ">
    <subfield code="a">84 p.</subfield>
    <subfield code="c">21 cm</subfield>
  </datafield>
  <datafield tag="650" ind1=" " ind2=" ">
    <subfield code="x">Literatura</subfield>
    <subfield code="x">Poes&#xED;a</subfield>
    <subfield code="x">Poes&#xED;a por mujeres de Belice</subfield>
    <subfield code="z">Belice</subfield>
    <subfield code="9">2238</subfield>
  </datafield>
  <datafield tag="700" ind1=" " ind2=" ">
    <subfield code="a">Gay Wilentz</subfield>
    <subfield code="9">2239</subfield>
  </datafield>
  <datafield tag="999" ind1=" " ind2=" ">
    <subfield code="c">468</subfield>
    <subfield code="d">468</subfield>
  </datafield>
  <datafield tag="952" ind1=" " ind2=" ">
    <subfield code="0">0</subfield>
    <subfield code="1">0</subfield>
    <subfield code="2">ddc</subfield>
    <subfield code="4">0</subfield>
    <subfield code="7">0</subfield>
    <subfield code="a">LV</subfield>
    <subfield code="b">LV</subfield>
    <subfield code="c">Literatura</subfield>
    <subfield code="d">2015-03-20</subfield>
    <subfield code="l">0</subfield>
    <subfield code="o">821.927.282 W 676s</subfield>
    <subfield code="p">000536</subfield>
    <subfield code="r">2015-03-20 00:00:00</subfield>
    <subfield code="w">2015-03-20</subfield>
    <subfield code="y">01</subfield>
  </datafield>
</record>
